[Event "Rapid 2018"]
[Site "Saint-Petersburg"]
[Date "2018.12.28"]
[Round "11"]
[Board "50"]
[White "Potapov Pavel (RUS)"]
[Black "Esipenko Andrey (RUS)"]
[Result "1/2-1/2"]
[LiveChessVersion "1.4.8"]
[BlackElo "2643"]
[WhiteElo "2541"]

1. e4 {[%clk 0:15:18]} e5 {[%clk 0:15:19]} 2. Nf3 {[%clk 0:15:18]} Nc6
{[%clk 0:15:26]} 3. Nc3 {[%clk 0:15:19]} Nf6 {[%clk 0:15:30]} 4. d4
{[%clk 0:15:26]} exd4 {[%clk 0:15:37]} 5. Nxd4 {[%clk 0:15:34]} Bb4
{[%clk 0:15:41]} 6. Nxc6 {[%clk 0:15:41]} bxc6 {[%clk 0:15:49]} 7. Bd3
{[%clk 0:15:46]} d6 {[%clk 0:15:45]} 8. O-O {[%clk 0:15:24]} Ng4 {[%clk 0:15:51]}
9. Qf3 {[%clk 0:13:52]} O-O {[%clk 0:15:04]} 10. Ne2 {[%clk 0:12:29]} Bc5
{[%clk 0:14:00]} 11. Qg3 {[%clk 0:11:40]} Kh8 {[%clk 0:12:52]} 12. Bd2
{[%clk 0:08:33]} Ne5 {[%clk 0:11:06]} 13. Bc3 {[%clk 0:08:31]} f6
{[%clk 0:11:14]} 14. Kh1 {[%clk 0:08:28]} Rb8 {[%clk 0:09:20]} 15. b3
{[%clk 0:06:23]} Bb4 {[%clk 0:07:28]} 16. Bb2 {[%clk 0:06:22]} c5
{[%clk 0:05:48]} 17. f4 {[%clk 0:06:10]} Nxd3 {[%clk 0:05:52]} 18. cxd3
{[%clk 0:06:17]} d5 {[%clk 0:05:55]} 19. e5 {[%clk 0:04:44]} d4 {[%clk 0:06:01]}
20. Ng1 {[%clk 0:03:22]} Bf5 {[%clk 0:04:56]} 21. Rad1 {[%clk 0:03:24]} a5
{[%clk 0:04:44]} 22. Nf3 {[%clk 0:03:09]} a4 {[%clk 0:04:50]} 23. exf6
{[%clk 0:02:09]} gxf6 {[%clk 0:04:42]} 24. Nh4 {[%clk 0:02:05]} Qd7
{[%clk 0:04:49]} 25. Nxf5 {[%clk 0:01:41]} Qxf5 {[%clk 0:04:58]} 26. bxa4
{[%clk 0:01:10]} Rfe8 {[%clk 0:04:19]} 27. Qf3 {[%clk 0:01:09]} Re3
{[%clk 0:03:30]} 28. Qc6 {[%clk 0:01:12]} Rg8 {[%clk 0:03:37]} 29. Rf2
{[%clk 0:00:45]} Be1 {[%clk 0:02:35]} 30. Rf1 {[%clk 0:00:42]} Bb4
{[%clk 0:02:25]} 31. Rf2 {[%clk 0:00:50]} Re6 {[%clk 0:02:05]} 32. Qf3
{[%clk 0:00:54]} Re3 {[%clk 0:01:12]} 33. Qc6 1/2-1/2

[Event "Rapid 2018"]
[Site "Saint-Petersburg"]
[Date "2018.12.28"]
[Round "11"]
[Board "51"]
[White "Piorun Kacper (POL)"]
[Black "Popov Ivan (RUS)"]
[Result "1/2-1/2"]
[LiveChessVersion "1.4.8"]
[BlackElo "2542"]
[WhiteElo "2615"]

1. c4 {[%clk 0:15:18]} Nf6 {[%clk 0:14:59]} 2. g3 {[%clk 0:15:26]} e6
{[%clk 0:15:05]} 3. Nf3 {[%clk 0:15:21]} d5 {[%clk 0:15:13]} 4. d4
{[%clk 0:15:05]} dxc4 {[%clk 0:15:09]} 5. Bg2 {[%clk 0:15:14]} Bd7
{[%clk 0:15:05]} 6. Ne5 {[%clk 0:15:13]} Bc6 {[%clk 0:15:13]} 7. Nxc6
{[%clk 0:15:21]} Nxc6 {[%clk 0:15:21]} 8. e3 {[%clk 0:15:26]} Qd7
{[%clk 0:15:29]} 9. O-O {[%clk 0:15:21]} Rd8 {[%clk 0:15:36]} 10. Qa4
{[%clk 0:14:50]} Nb4 {[%clk 0:13:55]} 11. Qxd7+ {[%clk 0:12:55]} Rxd7
{[%clk 0:13:35]} 12. Na3 {[%clk 0:13:00]} c5 {[%clk 0:13:24]} 13. dxc5
{[%clk 0:12:40]} Bxc5 {[%clk 0:13:26]} 14. Nxc4 {[%clk 0:12:48]} O-O
{[%clk 0:13:19]} 15. Ne5 {[%clk 0:12:35]} Rc7 {[%clk 0:11:06]} 16. a3
{[%clk 0:12:04]} Nbd5 {[%clk 0:11:14]} 17. b4 {[%clk 0:09:06]} Bd6
{[%clk 0:09:28]} 18. Bb2 {[%clk 0:08:24]} Nc3 {[%clk 0:09:03]} 19. Nd3
{[%clk 0:07:26]} b6 {[%clk 0:07:31]} 20. Rfe1 {[%clk 0:06:43]} Nd7
{[%clk 0:07:13]} 21. Rac1 {[%clk 0:05:42]} Rfc8 {[%clk 0:07:19]} 22. Rc2
{[%clk 0:04:27]} Ne5 {[%clk 0:06:10]} 23. Nxe5 {[%clk 0:04:27]} Bxe5
{[%clk 0:06:18]} 24. Kf1 {[%clk 0:04:33]} Kf8 {[%clk 0:05:13]} 25. Rec1
{[%clk 0:03:48]} f5 {[%clk 0:04:08]} 26. f4 {[%clk 0:03:26]} Bf6 {[%clk 0:04:03]}
27. Ke1 {[%clk 0:02:16]} a5 {[%clk 0:03:12]} 28. Bf1 {[%clk 0:01:54]} axb4
{[%clk 0:02:55]} 29. axb4 {[%clk 0:01:56]} Nd5 {[%clk 0:01:37]} 30. Rxc7
{[%clk 0:01:40]} Rxc7 {[%clk 0:01:46]} 31. Rxc7 {[%clk 0:01:30]} Nxc7
{[%clk 0:01:55]} 32. Bxf6 {[%clk 0:00:41]} gxf6 {[%clk 0:02:04]} 33. Kd2
{[%clk 0:00:42]} Ke7 {[%clk 0:01:55]} 34. Bc4 {[%clk 0:00:50]} Ne8
{[%clk 0:01:41]} 35. Bd3 {[%clk 0:00:45]} Nd6 {[%clk 0:01:47]} 36. Ke2
{[%clk 0:00:25]} 1/2-1/2

[Event "Rapid 2018"]
[Site "Saint-Petersburg"]
[Date "2018.12.28"]
[Round "11"]
[Board "52"]
[White "Belyakov Bogdan (RUS)"]
[Black "Frolyanov Dmitry (RUS)"]
[Result "1-0"]
[LiveChessVersion "1.4.8"]
[BlackElo "2614"]
[WhiteElo "2482"]

1. e4 {[%clk 0:15:17]} c5 {[%clk 0:13:34]} 2. c3 {[%clk 0:15:24]} Nf6
{[%clk 0:13:41]} 3. e5 {[%clk 0:15:32]} Nd5 {[%clk 0:13:49]} 4. d4
{[%clk 0:15:40]} cxd4 {[%clk 0:13:57]} 5. cxd4 {[%clk 0:15:47]} d6
{[%clk 0:13:41]} 6. Bc4 {[%clk 0:15:55]} Nb6 {[%clk 0:13:31]} 7. Bb5+
{[%clk 0:16:03]} Bd7 {[%clk 0:13:26]} 8. e6 {[%clk 0:16:10]} fxe6
{[%clk 0:12:45]} 9. Bd3 {[%clk 0:16:18]} Bc6 {[%clk 0:11:55]} 10. Qg4
{[%clk 0:14:47]} Qd7 {[%clk 0:11:05]} 11. Ne2 {[%clk 0:14:45]} Na6
{[%clk 0:10:39]} 12. Qh5+ {[%clk 0:13:31]} Kd8 {[%clk 0:10:19]} 13. Bxa6
{[%clk 0:12:16]} bxa6 {[%clk 0:10:26]} 14. O-O {[%clk 0:12:18]} g6
{[%clk 0:09:25]} 15. Qh4 {[%clk 0:12:25]} Bg7 {[%clk 0:09:04]} 16. Bh6
{[%clk 0:12:21]} Bxh6 {[%clk 0:07:19]} 17. Qxh6 {[%clk 0:12:29]} Nd5
{[%clk 0:06:57]} 18. Nbc3 {[%clk 0:12:24]} Nxc3 {[%clk 0:06:06]} 19. bxc3
{[%clk 0:12:10]} Kc7 {[%clk 0:03:47]} 20. c4 {[%clk 0:12:17]} e5 {[%clk 0:03:03]}
21. dxe5 {[%clk 0:11:46]} dxe5 {[%clk 0:02:43]} 22. Qe3 {[%clk 0:11:38]} Qf5
{[%clk 0:02:07]} 23. Nc3 {[%clk 0:11:16]} e6 {[%clk 0:01:08]} 24. Rfd1
{[%clk 0:10:16]} Rhd8 {[%clk 0:00:47]} 25. Qc5 {[%clk 0:08:49]} Qg5
{[%clk 0:00:16]} 26. Ne4 {[%clk 0:07:56]} Rxd1+ {[%clk 0:00:24]} 27. Rxd1
{[%clk 0:08:04]} Rd8 {[%clk 0:00:34]} 28. Qxa7+ {[%clk 0:06:14]} Bb7
{[%clk 0:00:43]} 29. Rb1 {[%clk 0:06:15]} 1-0

[Event "Rapid 2018"]
[Site "Saint-Petersburg"]
[Date "2018.12.28"]
[Round "11"]
[Board "53"]
[White "Roiz Michael (ISR)"]
[Black "Sanal Vahap (TUR)"]
[Result "0-1"]
[LiveChessVersion "1.4.8"]
[BlackElo "2476"]
[WhiteElo "2611"]

1. d4 {[%clk 0:14:50]} Nf6 {[%clk 0:12:02]} 2. c4 {[%clk 0:14:54]} e6
{[%clk 0:12:01]} 3. Nf3 {[%clk 0:14:54]} b6 {[%clk 0:12:09]} 4. g3
{[%clk 0:14:48]} Bb7 {[%clk 0:12:18]} 5. Bg2 {[%clk 0:14:57]} Be7
{[%clk 0:12:26]} 6. O-O {[%clk 0:14:11]} O-O {[%clk 0:12:33]} 7. Nc3
{[%clk 0:13:57]} Ne4 {[%clk 0:12:37]} 8. Bd2 {[%clk 0:14:05]} Nxd2
{[%clk 0:12:43]} 9. Qxd2 {[%clk 0:14:10]} d6 {[%clk 0:12:47]} 10. e4
{[%clk 0:13:35]} Nd7 {[%clk 0:12:52]} 11. Rad1 {[%clk 0:13:43]} c6
{[%clk 0:12:47]} 12. e5 {[%clk 0:11:56]} d5 {[%clk 0:12:14]} 13. cxd5
{[%clk 0:11:07]} cxd5 {[%clk 0:12:21]} 14. h4 {[%clk 0:11:10]} Ba6
{[%clk 0:12:03]} 15. Rfe1 {[%clk 0:11:18]} b5 {[%clk 0:11:53]} 16. Bf1
{[%clk 0:10:16]} Qb6 {[%clk 0:11:24]} 17. Ne2 {[%clk 0:10:06]} f5
{[%clk 0:10:03]} 18. Nf4 {[%clk 0:09:48]} Rfc8 {[%clk 0:08:48]} 19. Rc1
{[%clk 0:09:51]} Nf8 {[%clk 0:08:44]} 20. Rxc8 {[%clk 0:09:04]} Bxc8
{[%clk 0:08:18]} 21. Rc1 {[%clk 0:09:03]} Bd7 {[%clk 0:08:19]} 22. Rc2
{[%clk 0:07:58]} a5 {[%clk 0:07:53]} 23. Qc1 {[%clk 0:07:41]} h6 {[%clk 0:07:05]}
24. Nd3 {[%clk 0:07:22]} Be8 {[%clk 0:06:52]} 25. Be2 {[%clk 0:07:05]} Bd8
{[%clk 0:05:55]} 26. Kg2 {[%clk 0:05:01]} Qb7 {[%clk 0:05:59]} 27. Nc5
{[%clk 0:04:40]} Qe7 {[%clk 0:06:04]} 28. Qf1 {[%clk 0:04:05]} Rb8
{[%clk 0:06:02]} 29. Rc1 {[%clk 0:03:27]} g5 {[%clk 0:05:53]} 30. hxg5
{[%clk 0:03:34]} hxg5 {[%clk 0:06:01]} 31. Qh1 {[%clk 0:03:35]} Qg7
{[%clk 0:05:40]} 32. Ne1 {[%clk 0:03:22]} Qg6 {[%clk 0:04:04]} 33. Ned3
{[%clk 0:02:17]} Ra8 {[%clk 0:04:02]} 34. Nb7 {[%clk 0:02:05]} Bb6
{[%clk 0:03:58]} 35. Nd6 {[%clk 0:02:14]} Bxd4 {[%clk 0:03:29]} 36. Rc7
{[%clk 0:02:13]} Ra7 {[%clk 0:02:47]} 37. Rc8 {[%clk 0:01:19]} Rh7
{[%clk 0:02:39]} 38. Nxe8 {[%clk 0:01:05]} Rxh1 {[%clk 0:02:43]} 39. Kxh1
{[%clk 0:01:09]} Qh6+ {[%clk 0:02:04]} 40. Kg2 {[%clk 0:01:08]} g4
{[%clk 0:01:22]} 41. Nf6+ {[%clk 0:01:02]} Kg7 {[%clk 0:01:23]} 42. Rc7+
{[%clk 0:00:43]} Kh8 {[%clk 0:01:30]} 43. Rf7 {[%clk 0:00:22]} Qh3+
{[%clk 0:01:37]} 44. Kg1 {[%clk 0:00:32]} Qxg3+ {[%clk 0:01:41]} 45. Kf1
{[%clk 0:00:37]} Qh2 {[%clk 0:01:08]} 46. Ke1 {[%clk 0:00:43]} Bxe5
{[%clk 0:00:33]} 47. Rxf8+ {[%clk 0:00:25]} Kg7 {[%clk 0:00:42]} 48. Nd7
{[%clk 0:00:32]} Bd4 {[%clk 0:00:41]} 49. Re8 {[%clk 0:00:35]} Kf7
{[%clk 0:00:39]} 50. Rc8 {[%clk 0:00:36]} Qg1+ {[%clk 0:00:23]} 51. Bf1
{[%clk 0:00:37]} Qh2 {[%clk 0:00:32]} 52. N7c5 {[%clk 0:00:27]} g3
{[%clk 0:00:22]} 53. fxg3 {[%clk 0:00:36]} Bxb2 {[%clk 0:00:21]} 54. Rc7+
{[%clk 0:00:35]} Kf6 {[%clk 0:00:29]} 55. Nd7+ {[%clk 0:00:38]} Kg5
{[%clk 0:00:38]} 56. Kd1 {[%clk 0:00:38]} Qg1 {[%clk 0:00:36]} 57. Kc2
{[%clk 0:00:42]} Qxf1 {[%clk 0:00:27]} 58. Nxb2 {[%clk 0:00:46]} Qg2+
{[%clk 0:00:35]} 59. Kb1 {[%clk 0:00:52]} Qxg3 {[%clk 0:00:42]} 60. Rc1
{[%clk 0:00:59]} e5 {[%clk 0:00:39]} 61. Nc5 {[%clk 0:01:05]} f4 {[%clk 0:00:45]}
62. Rd1 {[%clk 0:00:56]} Qg2 {[%clk 0:00:40]} 63. Nbd3 {[%clk 0:00:59]} Kf5
{[%clk 0:00:44]} 64. Nb3 {[%clk 0:00:47]} a4 {[%clk 0:00:50]} 65. Nbc1
{[%clk 0:00:54]} a3 {[%clk 0:00:53]} 66. Nb3 {[%clk 0:00:28]} e4 {[%clk 0:01:02]}
67. Rd2 {[%clk 0:00:34]} Qg1+ {[%clk 0:01:10]} 68. Ndc1 {[%clk 0:00:43]} Ke5
{[%clk 0:01:18]} 0-1

[Event "Rapid 2018"]
[Site "Saint-Petersburg"]
[Date "2018.12.28"]
[Round "11"]
[Board "54"]
[White "Kevlishvili Robby (NED)"]
[Black "Novikov Stanislav (RUS)"]
[Result "1-0"]
[LiveChessVersion "1.4.8"]
[BlackElo "2605"]
[WhiteElo "2451"]

1. e4 {[%clk 0:15:17]} c5 {[%clk 0:15:19]} 2. Nf3 {[%clk 0:15:25]} e6
{[%clk 0:15:27]} 3. d4 {[%clk 0:15:30]} cxd4 {[%clk 0:15:36]} 4. Nxd4
{[%clk 0:15:37]} a6 {[%clk 0:15:43]} 5. c4 {[%clk 0:15:39]} Nf6 {[%clk 0:15:48]}
6. Nc3 {[%clk 0:15:44]} Bb4 {[%clk 0:15:43]} 7. Qd3 {[%clk 0:15:43]} Qc7
{[%clk 0:15:26]} 8. Nc2 {[%clk 0:15:49]} Bxc3+ {[%clk 0:14:17]} 9. Qxc3
{[%clk 0:15:54]} e5 {[%clk 0:13:45]} 10. f3 {[%clk 0:15:56]} d6 {[%clk 0:13:48]}
11. Be2 {[%clk 0:15:59]} Be6 {[%clk 0:13:55]} 12. Be3 {[%clk 0:15:47]} Nbd7
{[%clk 0:14:02]} 13. Rc1 {[%clk 0:14:34]} Rc8 {[%clk 0:13:59]} 14. Nb4
{[%clk 0:14:11]} Qa5 {[%clk 0:11:28]} 15. O-O {[%clk 0:10:43]} b5
{[%clk 0:10:04]} 16. Qd2 {[%clk 0:10:39]} O-O {[%clk 0:07:02]} 17. cxb5
{[%clk 0:10:47]} axb5 {[%clk 0:06:51]} 18. Qxd6 {[%clk 0:10:42]} Kh8
{[%clk 0:05:52]} 19. a3 {[%clk 0:10:37]} Qa4 {[%clk 0:05:16]} 20. Rxc8
{[%clk 0:09:54]} Rxc8 {[%clk 0:05:24]} 21. Rc1 {[%clk 0:09:55]} Rxc1+
{[%clk 0:04:34]} 22. Bxc1 {[%clk 0:10:04]} Bc4 {[%clk 0:04:39]} 23. Qd1
{[%clk 0:08:34]} Qa7+ {[%clk 0:04:36]} 24. Kf1 {[%clk 0:08:42]} h5
{[%clk 0:04:29]} 25. Bxc4 {[%clk 0:08:41]} bxc4 {[%clk 0:04:38]} 26. Qe2
{[%clk 0:08:49]} Qc7 {[%clk 0:03:34]} 27. Bd2 {[%clk 0:08:37]} h4
{[%clk 0:01:36]} 28. Bc3 {[%clk 0:06:37]} h3 {[%clk 0:01:42]} 29. g3
{[%clk 0:06:44]} Nb6 {[%clk 0:01:41]} 30. Qd1 {[%clk 0:03:56]} Qc5
{[%clk 0:01:33]} 31. Ke2 {[%clk 0:03:39]} Kh7 {[%clk 0:01:29]} 32. Qf1
{[%clk 0:03:44]} Qc8 {[%clk 0:01:20]} 33. Bxe5 {[%clk 0:03:44]} Qe6
{[%clk 0:00:41]} 34. Bd4 {[%clk 0:03:31]} Na4 {[%clk 0:00:30]} 35. Qb1
{[%clk 0:02:54]} Kg8 {[%clk 0:00:21]} 36. Qc2 {[%clk 0:02:58]} Nb6
{[%clk 0:00:15]} 37. Be3 {[%clk 0:02:47]} Nbd7 {[%clk 0:00:17]} 38. Bd4
{[%clk 0:02:19]} Nh5 {[%clk 0:00:17]} 39. Kf2 {[%clk 0:02:00]} Nhf6
{[%clk 0:00:13]} 40. Qc3 {[%clk 0:01:58]} g5 41. e5 {[%clk 0:01:37]} Nh5
{[%clk 0:00:14]} 42. Qe3 {[%clk 0:01:42]} Qg6 {[%clk 0:00:17]} 43. Qe4
{[%clk 0:01:48]} Qe6 {[%clk 0:00:22]} 44. Qg4 Qg6 {[%clk 0:00:24]} 45. Qxd7
{[%clk 0:01:53]} Qb1 {[%clk 0:00:32]} 46. Qc8+ {[%clk 0:01:51]} Kh7
{[%clk 0:00:39]} 47. Qxc4 {[%clk 0:01:54]} Qh1 {[%clk 0:00:45]} 48. Qxf7+
{[%clk 0:01:57]} Ng7 {[%clk 0:00:40]} 49. e6 {[%clk 0:01:36]} Qxh2+
{[%clk 0:00:49]} 50. Ke1 {[%clk 0:01:43]} Qxg3+ {[%clk 0:00:52]} 51. Kd2
{[%clk 0:01:43]} Qg2+ {[%clk 0:00:46]} 52. Kc3 {[%clk 0:01:50]} 1-0

[Event "Rapid 2018"]
[Site "Saint-Petersburg"]
[Date "2018.12.28"]
[Round "11"]
[Board "55"]
[White "Jumabayev Rinat (KAZ)"]
[Black "Lomasov Semyon (RUS)"]
[Result "1/2-1/2"]
[LiveChessVersion "1.4.8"]
[BlackElo "2416"]
[WhiteElo "2593"]

1. Nf3 {[%clk 0:15:19]} Nf6 {[%clk 0:15:19]} 2. g3 {[%clk 0:15:28]} c5
{[%clk 0:15:21]} 3. Bg2 {[%clk 0:15:37]} d5 {[%clk 0:15:24]} 4. O-O
{[%clk 0:15:40]} Nc6 {[%clk 0:15:18]} 5. d4 {[%clk 0:15:49]} e6 {[%clk 0:14:18]}
6. c4 {[%clk 0:15:57]} dxc4 {[%clk 0:14:22]} 7. Na3 {[%clk 0:15:15]} cxd4
{[%clk 0:14:19]} 8. Nxc4 {[%clk 0:15:24]} Be7 {[%clk 0:14:24]} 9. Qd3
{[%clk 0:14:03]} O-O {[%clk 0:13:46]} 10. Rd1 {[%clk 0:14:12]} Bd7
{[%clk 0:11:22]} 11. Nxd4 {[%clk 0:14:07]} Nxd4 {[%clk 0:11:31]} 12. Qxd4
{[%clk 0:14:16]} Bb5 {[%clk 0:11:30]} 13. b3 {[%clk 0:08:53]} Bxc4
{[%clk 0:11:29]} 14. bxc4 {[%clk 0:09:01]} Qa5 {[%clk 0:05:51]} 15. Bd2
{[%clk 0:03:10]} Qa6 {[%clk 0:05:54]} 16. Qb2 {[%clk 0:03:19]} Qxc4
{[%clk 0:03:37]} 17. Qxb7 {[%clk 0:03:28]} Rfe8 {[%clk 0:02:39]} 18. Be3
{[%clk 0:03:36]} Nd5 {[%clk 0:02:12]} 19. Bxd5 {[%clk 0:00:21]} exd5
{[%clk 0:02:21]} 20. Qxd5 {[%clk 0:00:14]} Qxe2 {[%clk 0:02:26]} 21. Re1
{[%clk 0:00:17]} Qa6 {[%clk 0:02:10]} 22. Rad1 {[%clk 0:00:19]} Rad8
{[%clk 0:02:09]} 23. Qb3 {[%clk 0:00:27]} Rb8 {[%clk 0:01:27]} 24. Qd5
{[%clk 0:00:36]} Rbd8 {[%clk 0:01:20]} 25. Qb3 {[%clk 0:00:45]} Rb8
{[%clk 0:01:28]} 26. Qc2 {[%clk 0:00:46]} Bb4 {[%clk 0:01:30]} 27. Re2
{[%clk 0:00:47]} Bc5 {[%clk 0:01:23]} 28. Qd3 {[%clk 0:00:35]} Qxd3
{[%clk 0:01:19]} 29. Rxd3 {[%clk 0:00:44]} g6 {[%clk 0:00:31]} 30. Kg2
{[%clk 0:00:53]} Re7 {[%clk 0:00:19]} 31. Kf3 {[%clk 0:00:56]} Rbe8
{[%clk 0:00:25]} 32. Rc3 {[%clk 0:00:37]} Bb6 {[%clk 0:00:30]} 33. g4
{[%clk 0:00:39]} f6 {[%clk 0:00:19]} 34. Rec2 {[%clk 0:00:40]} Bxe3
{[%clk 0:00:26]} 35. Rxe3 {[%clk 0:00:49]} Rxe3+ {[%clk 0:00:29]} 36. fxe3
{[%clk 0:00:58]} Kf7 {[%clk 0:00:28]} 37. h4 {[%clk 0:01:04]} h5 {[%clk 0:00:30]}
38. gxh5 {[%clk 0:01:09]} gxh5 {[%clk 0:00:39]} 39. Kf4 {[%clk 0:01:14]} Re7
{[%clk 0:00:36]} 40. e4 {[%clk 0:01:08]} Kg6 {[%clk 0:00:19]} 41. Rc6
{[%clk 0:01:16]} Re5 {[%clk 0:00:22]} 42. Ra6 {[%clk 0:01:17]} Re7
{[%clk 0:00:29]} 43. a4 {[%clk 0:01:23]} Kg7 {[%clk 0:00:35]} 44. Ra5
{[%clk 0:01:27]} Kg6 {[%clk 0:00:42]} 45. Rc5 {[%clk 0:01:27]} Re6
{[%clk 0:00:38]} 46. a5 {[%clk 0:00:56]} Rd6 {[%clk 0:00:40]} 47. Rd5
{[%clk 0:00:42]} Rc6 {[%clk 0:00:49]} 48. Rb5 {[%clk 0:00:48]} Rd6
{[%clk 0:00:40]} 49. Ke3 {[%clk 0:00:53]} Rd1 {[%clk 0:00:33]} 50. Rb7
{[%clk 0:00:56]} Rh1 {[%clk 0:00:33]} 51. Rxa7 {[%clk 0:01:05]} Rxh4
{[%clk 0:00:41]} 52. a6 {[%clk 0:01:08]} Rh3+ {[%clk 0:00:45]} 53. Kf2
{[%clk 0:00:48]} Ra3 {[%clk 0:00:48]} 54. Ra8 {[%clk 0:00:54]} Kg7
{[%clk 0:00:23]} 55. Kg2 {[%clk 0:01:01]} h4 {[%clk 0:00:29]} 56. Kh2
{[%clk 0:01:03]} Ra4 {[%clk 0:00:24]} 57. Ra7+ {[%clk 0:00:50]} 1/2-1/2

[Event "Rapid 2018"]
[Site "Saint-Petersburg"]
[Date "2018.12.28"]
[Round "11"]
[Board "56"]
[White "Bindrich Falko (GER)"]
[Black "Steinberg Nitzan (ISR)"]
[Result "0-1"]
[LiveChessVersion "1.4.8"]
[BlackElo "2400"]
[WhiteElo "2584"]

1. d4 {[%clk 0:15:18]} d5 {[%clk 0:15:19]} 2. c4 {[%clk 0:15:26]} c6
{[%clk 0:15:27]} 3. e3 {[%clk 0:15:35]} Nf6 {[%clk 0:15:33]} 4. Nf3
{[%clk 0:15:43]} e6 {[%clk 0:15:41]} 5. b3 {[%clk 0:15:52]} Nbd7 {[%clk 0:15:49]}
6. Bb2 {[%clk 0:16:00]} Bb4+ {[%clk 0:15:57]} 7. Nbd2 {[%clk 0:15:58]} Ne4
{[%clk 0:16:03]} 8. Bd3 {[%clk 0:15:38]} f5 {[%clk 0:14:17]} 9. O-O
{[%clk 0:15:42]} O-O {[%clk 0:14:20]} 10. a3 {[%clk 0:15:46]} Bd6
{[%clk 0:14:28]} 11. Ne5 {[%clk 0:15:42]} Qf6 {[%clk 0:12:48]} 12. f4
{[%clk 0:15:42]} Qe7 {[%clk 0:11:44]} 13. c5 {[%clk 0:15:44]} Bxe5
{[%clk 0:11:04]} 14. fxe5 {[%clk 0:15:42]} b6 {[%clk 0:11:09]} 15. b4
{[%clk 0:15:42]} a5 {[%clk 0:11:02]} 16. Qe2 {[%clk 0:14:50]} Nxd2
{[%clk 0:10:40]} 17. Qxd2 {[%clk 0:14:58]} Ba6 {[%clk 0:10:47]} 18. Rfc1
{[%clk 0:13:06]} Bxd3 {[%clk 0:10:12]} 19. Qxd3 {[%clk 0:13:14]} Rfb8
{[%clk 0:09:34]} 20. Qd2 {[%clk 0:09:06]} Qd8 {[%clk 0:07:43]} 21. Bc3
{[%clk 0:06:56]} axb4 {[%clk 0:06:22]} 22. axb4 {[%clk 0:07:05]} Qc8
{[%clk 0:06:17]} 23. Qe1 {[%clk 0:06:47]} Rxa1 {[%clk 0:04:50]} 24. Rxa1
{[%clk 0:06:55]} Ra8 {[%clk 0:04:59]} 25. Qb1 {[%clk 0:04:43]} b5
{[%clk 0:03:58]} 26. Ra2 {[%clk 0:04:23]} Ra6 {[%clk 0:04:05]} 27. Qa1
{[%clk 0:04:31]} Nb8 {[%clk 0:04:13]} 28. Ra5 {[%clk 0:04:31]} Qb7
{[%clk 0:04:10]} 29. Be1 {[%clk 0:04:27]} Qa8 {[%clk 0:04:03]} 30. Bh4
{[%clk 0:04:15]} Rxa5 {[%clk 0:03:39]} 31. bxa5 {[%clk 0:04:23]} Na6
{[%clk 0:03:17]} 32. Qd1 {[%clk 0:04:11]} b4 {[%clk 0:03:01]} 33. e4
{[%clk 0:03:30]} dxe4 {[%clk 0:02:28]} 34. Qb3 {[%clk 0:03:32]} Kf7
{[%clk 0:02:33]} 35. d5 {[%clk 0:03:23]} cxd5 {[%clk 0:02:04]} 36. Qa4
{[%clk 0:03:32]} Qb7 {[%clk 0:01:17]} 37. c6 {[%clk 0:03:25]} Qa7+
{[%clk 0:01:26]} 38. Kf1 {[%clk 0:03:34]} Qc5 {[%clk 0:01:01]} 39. c7
{[%clk 0:02:45]} Qxc7 {[%clk 0:01:04]} 40. Be1 {[%clk 0:02:54]} f4
{[%clk 0:00:21]} 41. Qd1 {[%clk 0:02:40]} g6 {[%clk 0:00:19]} 42. Qg4
{[%clk 0:02:43]} Qc4+ {[%clk 0:00:27]} 43. Kg1 {[%clk 0:02:52]} Qd4+
{[%clk 0:00:20]} 44. Kf1 {[%clk 0:03:00]} Qd3+ {[%clk 0:00:21]} 45. Kg1
{[%clk 0:03:09]} Qe3+ {[%clk 0:00:25]} 46. Kf1 {[%clk 0:03:17]} f3
{[%clk 0:00:25]} 47. gxf3 {[%clk 0:03:19]} exf3 {[%clk 0:00:18]} 48. Qg3
{[%clk 0:03:13]} b3 {[%clk 0:00:17]} 49. Bf2 {[%clk 0:03:21]} Qd3+
{[%clk 0:00:19]} 50. Kg1 {[%clk 0:03:30]} b2 {[%clk 0:00:24]} 51. Qf4+
{[%clk 0:03:38]} Qf5 {[%clk 0:00:27]} 0-1

[Event "Rapid 2018"]
[Site "Saint-Petersburg"]
[Date "2018.12.28"]
[Round "11"]
[Board "57"]
[White "Indjic Aleksandar (SRB)"]
[Black "Sharma Dinesh K. (IND)"]
[Result "1-0"]
[LiveChessVersion "1.4.8"]
[BlackElo "2388"]
[WhiteElo "2575"]

1. d4 {[%clk 0:09:45]} d5 {[%clk 0:15:17]} 2. Nf3 {[%clk 0:09:47]} Nf6
{[%clk 0:15:25]} 3. c4 {[%clk 0:09:53]} c6 {[%clk 0:15:33]} 4. Nc3
{[%clk 0:09:58]} dxc4 {[%clk 0:15:39]} 5. a4 {[%clk 0:10:08]} Bf5
{[%clk 0:15:46]} 6. e3 {[%clk 0:10:17]} e6 {[%clk 0:15:49]} 7. Bxc4
{[%clk 0:10:25]} Bb4 {[%clk 0:15:56]} 8. O-O {[%clk 0:10:33]} Nbd7
{[%clk 0:15:57]} 9. h3 {[%clk 0:10:42]} Bg6 {[%clk 0:15:41]} 10. Bd2
{[%clk 0:10:01]} O-O {[%clk 0:15:46]} 11. Nh4 {[%clk 0:09:59]} Bh5
{[%clk 0:15:40]} 12. Be2 {[%clk 0:09:12]} Bxe2 {[%clk 0:15:18]} 13. Qxe2
{[%clk 0:09:20]} c5 {[%clk 0:14:17]} 14. Nf3 {[%clk 0:09:24]} cxd4
{[%clk 0:13:51]} 15. Nxd4 {[%clk 0:09:32]} a6 {[%clk 0:13:36]} 16. Rfd1
{[%clk 0:09:37]} Rc8 {[%clk 0:13:39]} 17. Be1 {[%clk 0:09:46]} Qc7
{[%clk 0:12:34]} 18. Ncb5 {[%clk 0:06:37]} Qc5 {[%clk 0:12:33]} 19. Nb3
{[%clk 0:04:01]} Qe7 {[%clk 0:12:36]} 20. N5d4 {[%clk 0:04:03]} Bxe1
{[%clk 0:12:13]} 21. Qxe1 {[%clk 0:04:11]} Ne5 {[%clk 0:11:25]} 22. Rac1
{[%clk 0:02:44]} Rxc1 {[%clk 0:10:28]} 23. Nxc1 {[%clk 0:02:53]} Rc8
{[%clk 0:10:21]} 24. Nce2 {[%clk 0:03:02]} g6 {[%clk 0:09:58]} 25. Rc1
{[%clk 0:01:44]} Rxc1 {[%clk 0:08:41]} 26. Qxc1 {[%clk 0:01:53]} Qd7
{[%clk 0:08:50]} 27. b3 {[%clk 0:01:55]} Nd5 {[%clk 0:08:11]} 28. Qc5
{[%clk 0:01:53]} Nd3 {[%clk 0:07:01]} 29. Qc4 {[%clk 0:02:00]} Ne5
{[%clk 0:06:56]} 30. Qc2 {[%clk 0:01:29]} Nb4 {[%clk 0:06:48]} 31. Qc3
{[%clk 0:01:26]} Nec6 {[%clk 0:06:36]} 32. Qc4 {[%clk 0:01:01]} e5
{[%clk 0:04:59]} 33. Nxc6 {[%clk 0:01:10]} Qd1+ {[%clk 0:04:54]} 34. Kh2
{[%clk 0:01:19]} Nxc6 {[%clk 0:05:02]} 35. Ng3 {[%clk 0:01:20]} Kg7
{[%clk 0:03:43]} 36. Ne4 {[%clk 0:01:26]} Qd7 {[%clk 0:02:47]} 37. b4
{[%clk 0:01:16]} Qe7 {[%clk 0:02:22]} 38. b5 {[%clk 0:01:20]} axb5
{[%clk 0:02:16]} 39. axb5 {[%clk 0:01:29]} Nb8 {[%clk 0:01:04]} 40. Qc8
{[%clk 0:01:06]} Qb4 {[%clk 0:00:41]} 41. Qxb7 {[%clk 0:01:10]} h6
{[%clk 0:00:21]} 42. b6 {[%clk 0:01:04]} Qf8 {[%clk 0:00:21]} 43. Nc5
{[%clk 0:01:03]} Qe8 {[%clk 0:00:23]} 44. Qd5 {[%clk 0:00:54]} Qe7
{[%clk 0:00:25]} 45. b7 {[%clk 0:01:01]} Qc7 {[%clk 0:00:32]} 46. Ne4
{[%clk 0:00:49]} Nc6 {[%clk 0:00:36]} 47. Nd6 {[%clk 0:00:57]} Nd8
{[%clk 0:00:30]} 48. Ne8+ {[%clk 0:01:05]} 1-0